| 000 | 00986nam a22002897a 4500 | ||
|---|---|---|---|
| 001 | 8017 | ||
| 003 | FISKH | ||
| 005 | 20250819085935.0 | ||
| 008 | 250819b cb ||||| |||| 00| 0 eng d | ||
| 020 | _a9780531210802 | ||
| 040 |
_aFISKH _beng _cFISKH _dFISKH |
||
| 050 | _aQL737.C27 Z435 | ||
| 082 | _a599.789 | ||
| 100 | _aZeiger, Jennifer | ||
| 245 |
_aPandas / _cBy Jennifer Zeiger |
||
| 250 | _aThis edition first published in 2012 | ||
| 260 |
_aNew York : _bChildren, _c2012 |
||
| 300 |
_a48 pages : _bcolor illustrations ; _c22 cm |
||
| 505 | _aZ | ||
| 520 | _aIn this book, readers will discover what pandas eat, how they mate and reproduce, and why they are having such a difficult time surviving in the wild. They will also learn where pandas live and which other animals they are related to. | ||
| 521 | 8 |
_a900
_bLexile |
|
| 521 | 8 |
_aZ
_bRaz-Plus |
|
| 650 |
_2Animals _aNature |
||
| 650 |
_2Electronics _aHerbivores |
||
| 942 |
_2ddc _cBK _n0 |
||
| 999 |
_c8017 _d8017 |
||